LEADER 02993nam 2200385 450 001 9910375674103321 005 20230825102246.0 035 $a(CKB)4100000007597883 035 $a(NjHacI)994100000007597883 035 $a(EXLCZ)994100000007597883 100 $a20230825d2018 uy 0 101 0 $aeng 135 $aur||||||||||| 181 $ctxt$2rdacontent 182 $cc$2rdamedia 183 $acr$2rdacarrier 200 10$aApPLIED '18 $eProceedings of the 2018 Workshop on Advanced Tools, Programming Languages, and PLatforms for Implementing and Evaluating Algorithms for Distributed systems /$fChryssis Georgiou, Elad M. Schiller ; Association for Computing Machinery-Digital Library 210 1$aNew York, NY :$cACM,$d2018. 215 $a1 online resource (49 pages) 311 $a1-4503-5775-X 330 $aIt is our great pleasure to welcome you to the 2018 Workshop on Advanced tools, programming languages, and PLatforms for Implementing and Evaluating algorithms for Distributed systems - ApPLIED 2018. The purpose of this workshop is to bring together designers and practitioners of distributed systems from both academia and industry to share their point of views and experiences on implementing and evaluating distributed algorithms and systems. This first installment of the workshop was co-located with the 2018 ACM Symposium on the Principles of Distributed Computing (PODC 2018). The workshop featured keynote lectures and presentations of peer-reviewed regular papers and short research statements. Regular papers reported on original research that had not been previously published. Short research statements summarized research published elsewhere or outlined new emerging ideas; their purpose was to foster discussion and collaboration. The call for papers attracted 4 regular paper submissions and 4 short research statement submissions. The Program Committee accepted 3 regular papers and 3 short research statements. Every submitted paper was read and evaluated by at least three reviewers. The final decisions regarding acceptance or rejection of each paper were made through electronic Program Committee discussions held from June 1st to June 3rd. The program included four keynote lectures by Marcos Aguilera (VMware Research, US), Victor Luchangco (Oracle Labs, US), Miguel Matos (Universidade de Lisboa, Portugal) and Srikumar Venugopal (IBM Research, Ireland). 606 $aElectronic data processing$xDistributed processing 606 $aProgramming languages (Electronic computers)$vCongresses 615 0$aElectronic data processing$xDistributed processing. 615 0$aProgramming languages (Electronic computers) 676 $a004.36 700 $aGeorgiou$b Chryssis$0919166 702 $aSchiller$b Elad M. 712 02$aAssociation for Computing Machinery-Digital Library, 801 0$bNjHacI 801 1$bNjHacl 906 $aBOOK 912 $a9910375674103321 996 $aApPLIED '18$93492298 997 $aUNINA